Efektívnosť aktivít klastrov cestovného ruchu bakalárska práca

Guardado en:
Detalles Bibliográficos
Autor principal: Kňazková, Natalia
Autor Corporativo: Obchodná fakulta EU. Katedra služieb a cestovného ruchu - zrušené
Otros Autores: Gáll, Jozef, 1991-
Formato: Libro
Lenguaje:eslovaco
Publicado: Bratislava 2021
Etiquetas: Agregar Etiqueta
Sin Etiquetas, Sea el primero en etiquetar este registro!

MARC

LEADER 00000nbm a2200000 4500
001 0278240
005 20220203120214.3
041 0 |a slo 
044 |a SK 
245 1 0 |a Efektívnosť aktivít klastrov cestovného ruchu  |b bakalárska práca  |c Natalia Kňazková ; školiteľ: Jozef Gáll 
264 1 |a Bratislava  |c 2021 
300 |a 40 s. 
100 1 |a Kňazková, Natalia 
700 1 |a Gáll, Jozef, 1991- 
710 2 |a Obchodná fakulta EU. Katedra služieb a cestovného ruchu - zrušené